Olympic Sports That Only Start With This Letter - Statistics

General Stats
  • This quiz has been taken 14 times
  • The average score is 5 of 8
Answer Stats
Starts With
(Introduced)
Sport % Correct
J (Tokyo 1964) Judo
100%
K (Tokyo 2020) Karate
85%
D (St Louis 1904) Diving
62%
E (Paris 1900) Equestrian
62%
V (Tokyo 1964) Volleyball
62%
G (Paris 1900) Golf
54%
I (Antwerp 1920) Ice Hockey
54%
N (Calgary 1988) Nordic Combined
54%
No matching quizzes found
Score Distribution
Percent of People with Each Score
Percentile by Number Answered
Your Score History
You have not taken this quiz